The Ethics of Bioethics : (Record no. 6962)

MARC details
000 -LEADER
fixed length control field 00672nam a22002177a 4500
003 - CONTROL NUMBER IDENTIFIER
control field OSt
005 - DATE AND TIME OF LATEST TRANSACTION
control field 20210519111953.0
008 - FIXED-LENGTH DATA ELEMENTS--GENERAL INFORMATION
fixed length control field 210519b ||||| |||| 00| 0 eng d
020 ## - INTERNATIONAL STANDARD BOOK NUMBER
International Standard Book Number 0801886120
040 ## - CATALOGING SOURCE
Transcribing agency NLM
082 ## - DEWEY DECIMAL CLASSIFICATION NUMBER
Classification number W50 E31e 2007
100 ## - MAIN ENTRY--PERSONAL NAME
Personal name Eckenwiler, Lisa A. ; Cohn,Felicia G.
9 (RLIN) 14275
245 ## - TITLE STATEMENT
Title The Ethics of Bioethics :
Remainder of title Mapping the Moral Landscape
260 ## - PUBLICATION, DISTRIBUTION, ETC. (IMPRINT)
Place of publication, distribution, etc. Baltimore :
Name of publisher, distributor, etc. Johns Hopkins University Press,
Date of publication, distribution, etc. 2007
300 ## - PHYSICAL DESCRIPTION
Extent xxx, 320 p. ;
Dimensions 23 cm
504 ## - BIBLIOGRAPHY, ETC. NOTE
Bibliography, etc Includes bibliographical references and index
650 ## - SUBJECT ADDED ENTRY--TOPICAL TERM
Topical term or geographic name as entry element Medical ethics
9 (RLIN) 1970
650 ## - SUBJECT ADDED ENTRY--TOPICAL TERM
Topical term or geographic name as entry element Bioethics
9 (RLIN) 14053
650 ## - SUBJECT ADDED ENTRY--TOPICAL TERM
Topical term or geographic name as entry element Professional ethics
9 (RLIN) 14274
942 ## - ADDED ENTRY ELEMENTS (KOHA)
Source of classification or shelving scheme Other/Generic Classification Scheme
Koha item type Book
Holdings
Withdrawn status Lost status Source of classification or shelving scheme Damaged status Not for loan Home library Current library Date acquired Source of acquisition Inventory number Total Checkouts Full call number Barcode Date last seen Price effective from Koha item type Public note
    Other/Generic Classification Scheme     MUST Main Library MUST Main Library 19/05/2021 Purchase 20/41190   W50 E31e 2007 2021-0565 19/05/2021 19/05/2021 Book Material in Hard Copy
    Other/Generic Classification Scheme     MUST Main Library MUST Main Library 19/05/2021 Purchase 20/41188   W50 E31e 2007 2021-0566 19/05/2021 19/05/2021 Book Material in Hard Copy
    Other/Generic Classification Scheme     MUST Main Library MUST Main Library 19/05/2021 Purchase 20/41189   W50 E31e 2007 2021-0567 19/05/2021 19/05/2021 Book Material in Hard Copy